Burt Reynolds Movies Quiz Stats

 Plays Quiz Updated Sep 6, 2018

Score 0/98 Timer 15:00
0 Plays Today
Year Movie % Correct
1977Smokey and the Bandit
93.3%
1980Smokey and the Bandit II
80.8%
1974The Longest Yard
71.9%
1997Boogie Nights
71.4%
2005The Longest Yard
70.3%
1972Deliverance
70.1%
1981The Cannonball Run
64.9%
1983Smokey and the Bandit Part 3
60.9%
1984Cannonball Run II
55.5%
2005The Dukes of Hazzard
48.2%
1976Gator
39.5%
1969Shark!
38.7%
1996Striptease
37.9%
1982The Best Little Whorehouse in Texas
35.2%
1981Sharky's Machine
34.3%
1978Hooper
27.9%
1983Stroker Ace
25.7%
1989All Dogs Go to Heaven
21.6%
1984City Heat
21.4%
1978The End
20.9%
1973White Lightning
20.3%
1993Cop and 1/2
19.9%
1977Semi-Tough
16.6%
1985Stick
15.4%
1979Starting Over
14.4%
1986Heat
14.3%
1983The Man Who Loved Women
14.2%
1999Mystery, Alaska
13.8%
1982Best Friends
12.6%
1975W.W. and the Dixie Dancekings
11.8%
1981Paternity
11.6%
1987Malone
11%
1973The Man Who Loved Cat Dancing
11%
Year Movie % Correct
1966Navajo Joe
10.9%
1988Switching Channels
10.5%
2000The Crew
10.1%
1969100 Rifles
9.6%
1973Shamus
9.5%
1972Fuzz
9.4%
2017The Last Movie Star
9.3%
2001Driven
9.2%
1975At Long Last Love
8.9%
1987Rent-a-Cop
8.9%
2004Without a Paddle
8.8%
1989Breaking In
8.6%
1972Everything You Always Wanted to Know About Sex * But Were Afraid to Ask
8.5%
1997Bean
8.4%
1969Sam Whiskey
8.3%
1975Hustle
8.3%
1975Lucky Lady
8.1%
1996Citizen Ruth
7.2%
1980Rough Cut
7.1%
1989Physical Evidence
7%
1976Nickelodeon
6.8%
2007In the Name of the King: A Dungeon Siege Tale
6.6%
1970Skullduggery
5.8%
1995The Maddening
5.5%
1997Meet Wally Sparks
5.4%
1961Angel Baby
5.4%
2008Deal
5%
1965Operation C.I.A.
4.9%
1996Mad Dog Time
4.9%
2006Broken Bridges
4.8%
1969Impasse
4.7%
1999Pups
4.7%
2001Hotel
4.6%
Year Movie % Correct
2008Delgo
4.6%
2006Cloud 9
4.6%
2001Tempted
4.3%
1961Armored Command
4.3%
1990Modern Love
4.3%
2006End Game
4.3%
2000Waterproof
4.3%
2000The Last Producer
4.2%
2006Forget About It
4.2%
1997Big City Blues
4.1%
2006Grilled
4%
2001The Hollywood Sign
3.9%
2003The Librarians
3.6%
1999The Hunter's Moon
3.5%
2008A Bunch of Amateurs
3.5%
2011Not Another Not Another Movie
3.3%
2002Snapshots
3.3%
2002Time of the Wolf
3.2%
1996Frankenstein and Me
3.2%
2015Pocket Listing
3.1%
1998Crazy Six
3%
2007Randy and the Mob
2.9%
2017Miami Love Affair
2.9%
2016Hollow Creek
2.9%
1999Stringer
2.8%
2016Elbow Grease
2.8%
2014A Magic Christmas
2.7%
2017Henri
2.7%
2018Shadow Fighter
2.7%
2017Apple of My Eye
2.5%
2016Shangri-La Suite
2.5%
2001Auf Herz und Nieren
2.2%

You're not logged in!

Compare scores with friends on all Sporcle quizzes.
OR
Log In

Sporcle TV

Today on Sporcle TV


Watch our educational content, quiz creation guides, and fun videos on Sporcle TV.

Show Comments

Extras

Top Quizzes Today


Score Distribution

Your Account Isn't Verified!

In order to create a playlist on Sporcle, you need to verify the email address you used during registration. Go to your Sporcle Settings to finish the process.

Report this User

Report this user for behavior that violates our Community Guidelines.

Details: